| 000 | 00588nam a22002057a 4500 | ||
|---|---|---|---|
| 003 | OSt | ||
| 005 | 20140701155249.0 | ||
| 008 | 140701b xxu||||| |||| 00| 0 eng d | ||
| 020 | _a0443073406 | ||
| 040 | _c040a | ||
| 082 | _aQS4 W357r 2004 | ||
| 100 |
_aWaugh, Anne ,Grant,Allison _9214 |
||
| 245 |
_aRoss and Wilson anatomy and physiology ; _bcolouring and workbook : _cAnne Waugh, Allison Grant |
||
| 260 |
_aEdinburgh _bChurchill Livingstone _c2004 |
||
| 300 |
_avii, 265 p; _bill : _c28cm . |
||
| 504 | _ai | ||
| 650 |
_aAnatomy _9124 |
||
| 650 |
_aPhysiology _9215 |
||
| 942 |
_2z _cO_SHELF |
||
| 999 |
_c72 _d72 |
||